00450nam a2200169Ia 4500008004100000020001800041245004800059245005500107260001500162260001600177260000900193300001600202300002500218300001000243500000800253999001900261170705s9999 xx 000 0 und d a9780545073035 aJudy moody around the world in 8 1/2 days / cMegan Mcdonald ; illustrated by Peter H. Reynolds. aNew York : bScholastic, c2006 a157 pages : bcolor illustration ; c19cm. a540 c335946d335946